Truyện ngắn 50 tác giả trẻ
Giới thiệu 50 truyện ngắn của 50 tác giả trẻ thuộc thế hệ 7X, 8X với nhiều đề tài phong phú, đa dạng.
Guardado en:
| Autor principal: | |
|---|---|
| Otros Autores: | |
| Formato: | Libro |
| Lenguaje: | Undetermined |
| Publicado: |
H.
Thanh niên
2010
|
| Materias: | |
| Acceso en línea: | http://lrc.tdmu.edu.vn/opac/search/detail.asp?aID=2&ID=14913 |
| Etiquetas: |
Agregar Etiqueta
Sin Etiquetas, Sea el primero en etiquetar este registro!
|
| Thư viện lưu trữ: | Trung tâm Học liệu Trường Đại học Thủ Dầu Một |
|---|
| LEADER | 00921nam a2200217Ia 4500 | ||
|---|---|---|---|
| 001 | TDMU_14913 | ||
| 008 | 210410s9999 xx 000 0 und d | ||
| 082 | |a 895.9223014 | ||
| 090 | |b TR527 | ||
| 100 | |a Nhiều tác giả | ||
| 245 | 0 | |a Truyện ngắn 50 tác giả trẻ | |
| 245 | 0 | |c Nhiều tác giả; Đào Bình Minh, Vũ Thụy An tuyển chọn | |
| 260 | |a H. | ||
| 260 | |b Thanh niên | ||
| 260 | |c 2010 | ||
| 300 | |a 503tr. | ||
| 520 | |a Giới thiệu 50 truyện ngắn của 50 tác giả trẻ thuộc thế hệ 7X, 8X với nhiều đề tài phong phú, đa dạng. | ||
| 650 | |a Truyện ngắn Việt Nam; Văn học Việt Nam |y Thế kỷ 21 |x Truyện ngắn | ||
| 700 | |a Đào, Bình Minh | ||
| 856 | |u http://lrc.tdmu.edu.vn/opac/search/detail.asp?aID=2&ID=14913 | ||
| 980 | |a Trung tâm Học liệu Trường Đại học Thủ Dầu Một | ||